Представление документа в формате RUSMARC

ПолеНазваниеЗначение
  Тип записи a
  Библиографический уровень m
001 Контрольный номер RU/REG73/CBS_GRAD/654534114
005 Дата корректировки 20221122154846.5
010 Индекс ISBN __
a ISBN 978-5-89572-062-2
101 Язык документа __
a Язык текста rus
200 Заглавие и сведения об ответственности __
a Заглавие Православная энциклопедия
f Первые сведения об ответственности Под редакцией Патриарха Московского и всея Руси Кирилла
b Общее обозначение материала Текст
i Наименование части Том LV Пасхальные споры Петр Дамаскин
203 Вид содержания и тип средства __
a Вид содержания Текст (визуальный) : непосредственный
210 Выходные данные __
a Место издания Москва
c Издательство Церковно -научный центр "Православная энциклопедия"
d Дата издания 2019
215 Физическое описание __
a Объем 752с
686 Индексы других классификаций __
a Классификационный индекс 86.3
801 Источник записи _0
a Страна RU
b Организация RuCBSGrad
g Правила каталогизации PSBO
801 Источник записи _1
a Страна RU
b Организация RuCBSGrad
g Правила каталогизации PSBO
901 Тип документа __
t Тип документа m
981 __
b i
g e
2 isbdcontent
982 __
b n
2 isbdmedia
993 __
a 2669
b 1148
c Ретро
e 278028
f ЦГДБ
h 1000.00
i 278028
m 1
n 44101.578299
o I
x 1
y 1
z 86.3